Cyclisme: Top 30 du Giro / Tour d'Italie 2024 - Statistiques

Statistiques générales
  • Ce quiz a été pris 318 fois
  • Le résultat moyen est 14 sur 30
Statistiques - réponses
Pos Équipe Coureur % Correct
1er UAE Team Emirates Tadej Pogacar
100%
3ème INEOS Grenadiers Geraint Thomas
91%
4ème Decathlon AG2R La Mondiale Team Ben O'Connor
88%
9ème Team dsm-firmenich PostNL Romain Bardet
88%
2ème BORA-hansgrohe Daniel Martinez
85%
5ème Bahrain Victorious Antonio Tiberi
66%
16ème Decathlon AG2R La Mondiale Team Valentin Paret-Peintre
65%
26ème Decathlon AG2R La Mondiale Team Aurélien Paret-Peintre
64%
6ème INEOS Grenadiers Thymen Arensman
62%
10ème Tudor Pro Cycling Team Michael Storer
58%
7ème Movistar Team Einer Rubio
54%
15ème UAE Team Emirates Rafal Majka
54%
8ème Soudal Quick-Step Jan Hirt
51%
17ème Bahrain Victorious Damiano Caruso
47%
19ème Movistar Team Nairo Quintana
47%
12ème Astana Qazaqstan Team Lorenzo Fortunato
44%
11ème Team Jayco-AlUla Filippo Zana
39%
21ème Decathlon AG2R La Mondiale Team Alex Baudin
33%
20ème VF Group-Bardiani CSF-Faizanè Domenico Pozzovivo
33%
13ème Team Polti Kometa Davide Piganzoli
32%
14ème Cofidis Simon Geschke
31%
22ème Team Visma | Lease a Bike Attila Valter
25%
28ème INEOS Grenadiers Jhonatan Narvaez
24%
23ème Alpecin-Deceuninck Nicola Conci
24%
30ème Soudal Quick-Step Mauri Vansevenant
23%
24ème BORA-hansgrohe Giovanni Aleotti
18%
18ème VF Group-Bardiani CSF-Faizanè Luca Covili
18%
29ème Team dsm-firmenich PostNL Kevin Vermaerke
17%
25ème ARKEA-B&B HOTELS Michel Ries
16%
27ème Bahrain Victorious Edoardo Zambanini
13%
Aucun quiz correspondant
Distribution des résultats
% des personnes avec chaque résultat
Percentile par nombre de réponses
Votre historique - résultats
Vous n’avez pas pris ce quiz